Detalles MARC
| 000 -LIDER |
| fixed length control field |
01962nam a2200385 a 4500 |
| 001 - NÚMERO DE CONTROL |
| Identificador de número de control |
000002690 |
| 003 - IDENTIFICACDOR DE NÚMERO DE CONTROL |
| control field |
000002690 |
| 005 - DATE AND TIME OF LATEST TRANSACTION |
| control field |
20170922123934.0 |
| 008 - ELEMENTOS DE LONGITUD FIJA |
| fixed length control field |
090703s2009 dr 001 edspa d |
| 020 ## - ISBN |
| International Standard Book Number |
9789993431251 |
| 020 ## - ISBN |
| International Standard Book Number |
9993431257 |
| 040 ## - FUENTE DE CATALOGACIÓN |
| Agencia que crea de manera original el registro |
BPMSU |
| Idioma de catalogación |
spa |
| Agencia que realiza la transcripción |
BPMSU |
| 092 ## - LOCALLY ASSIGNED DEWEY DECIMAL CALL NUMBER |
| Número de clasificación |
199.7293 |
| Número de ítem (Cutter) |
C965f |
| 245 00 - MENCIÓN DE TITULO |
| Título |
Cuestiones filosóficas : |
| Subtítulo |
ensayos sobre la filosofía de Pedro Henrríquez Ureña / |
| Mención de responsabilidad |
compilación Pedro Pablo Fernández, estudios introductorios de Eugenio Pucciarelli y Enrique Anderson Imbert. |
| 246 18 - VARIACION DEL TÍTULO |
| Título propiamente dicho o título corto |
Pedro Henríquez Ureña: |
| Subtítulo |
cuestiones filosóficas |
| 246 10 - VARIACION DEL TÍTULO |
| Título propiamente dicho o título corto |
Filosofía de Pedro Henríquez Ureña |
| 260 ## - PUBLICACIÓN, DISTRIBUCIÓN, ETC. (PIE DE IMPRENTA) |
| Lugar de publicación, distribución, etc |
Santo Domingo : |
| Nombre del editor, distribuidor, etc. |
Biblioteca Nacional Pedro Henríquez Ureña, |
| Fecha de publicación, distribución, etc |
2009. |
| 300 ## - DESCRIPCIÓN FÍSICA |
| Extensión |
172 p. : |
| Otros detalles físicos |
il. ; |
| Dimensiones |
24 cm. |
| 490 1# - MENCIÓN DE SERIES |
| Mención de serie |
Filosofía |
| 500 ## - NOTA GENERAL |
| Nota general |
Incluye notas al pie de las páginas. |
| 505 0# - NOTA DE CONTENIDO |
| Texto normalizado de contenido |
Estudios preliminares: Pedro Henríquez Ureña y la filosofía / Eugenio Pucciarelli -- Pedro Henríquez Ureña: teoría de los valores / Enrique Anderson Imbert. |
| 505 0# - NOTA DE CONTENIDO |
| Texto normalizado de contenido |
Cuestiones filosóficas: Profesores de idealismo -- El positivismo de Comte -- El positivismo independiente -- Nietzsche y el pragmatismo -- La sociología de Eugenio María de Hostos -- La obra de José Enrique Rodó -- Las ideas sociales de Spinoza I -- Las ideas sociales de Spinoza II -- La filosofía en la América española -- Filosofía y originalidad -- El espíritu platónico. |
| 600 10 - ENCABEZAMIENTO DE MATERIA--NOMBRE PERSONAL |
| Nombre personal |
HENRÍQUEZ UREÑA, PEDRO, |
| Fechas asociadas con el nombre |
1884-1946 |
| Subdivisión temática general |
CRÍTICA E INTERPRETACIÓN |
| 600 10 - ENCABEZAMIENTO DE MATERIA--NOMBRE PERSONAL |
| Nombre personal |
HENRÍQUEZ UREÑA, PEDRO, |
| Fechas asociadas con el nombre |
1884-1946 |
| Subdivisión temática general |
PENSAMIENTO FILOSÓFICO |
| 650 #4 - ENCABEZAMIENTO DE MATERIA--TEMÁTICO |
| Término temático o nombre geográfico como elemento de entrada |
FILOSOFÍA |
| 650 #4 - ENCABEZAMIENTO DE MATERIA--TEMÁTICO |
| Término temático o nombre geográfico como elemento de entrada |
INTELECTUALES |
| Subdivisión geográfica |
REPÚBLICA DOMINICANA |
| 700 0# - ASIENTO SECUNDARIO -- NOMBRE PERSONAL |
| Nombre personal |
Fernández, Pedro Pablo, |
| Mención de responsabilidad |
comp. |
| 700 0# - ASIENTO SECUNDARIO -- NOMBRE PERSONAL |
| Nombre personal |
Pucciarelli, Eugenio |
| 700 0# - ASIENTO SECUNDARIO -- NOMBRE PERSONAL |
| Nombre personal |
Imbert, Anderson |
| 830 #0 - ASIENTO SECUNDARIO DE SERIE--TÍTULO UNIFORME |
| Título uniforme |
Filosofía |
| 910 ## - VALIDACIÓN |
| Validación |
Jornada de catalogación |
| 942 ## - ADDED ENTRY ELEMENTS (KOHA) |
| Source of classification or shelving scheme |
Dewey Decimal Classification |
| Koha item type |
Libros |
| 945 ## - INFORMACIÓN DE PROCESAMIENTO LOCAL |
| Información de procesamiento local |
Inventariado, 2017/MFF |
| 956 ## - LOCAL ELECTRONIC LOCATION AND ACCESS (OCLC) |
| Nombre de host |
VMATEO |
| Número de acceso |
10 |
| Información de compresión |
20150914 |
| Inicio de sesión |
BPMSU |
| Procesador de solicitud |
0069 |